000 00342nam a2200157Ia 4500
003 OSt
005 20240127120255.0
008 170524s9999 xx 000 0 und d
020 _a:9788120309869
040 _ciimtu
100 _aPucknell DA
245 0 _aBasics VLSI Design
260 _bPHI New Delhi
260 _c2011
942 _2ddc
_c02
999 _c5975
_d5975